000 01142nam0a2200253 4500
001 RU\NLR\BIBL_A\022507251
005 20250806203624.0
035 _a(NLR Aleph) 022507251
090 _a85739
_c85739
100 _a20250331d1944 m y0rusy50 ca
101 0 _atuk
102 _aTM
105 _ay z 000 y
181 0 _ai
_baxxe
182 0 _an
200 1 _a1944-нҗи йылда ТССР-ниң колхозларында җемгыетчилик йүпекчилигини гурамак барада гѳркезмелер
_fТССР ЕР Халк Комиссарлыгы. ТССР докма сенагат Халк Комиссарлыгы
203 _aТекст
_bвизуальный
_cнепосредственный
210 _aАшгабат
_cБирлешен Туркмендѳвлетнешир
_d1944
215 _a64,[1] с.
_d14
541 1 _aУказания по организации общественного шелководства в колхозах ТССР на 1944 г.
_zrus
942 _cBOOK
945 _aРоссийская национальная библиотека
980 _aBV